Estatísticas para Jogadores da História do Shakhtar Dosleks

Clique aqui para jogar o quiz

Estatísticas Gerais

  • Esse quiz foi jogado 14 vezes
  • A pontuação média é 9 de 34

Estatísticas das Respostas

Resposta% Correto
Fred
57%
Luca
57%
Arthur Fernandes
43%
Brunight
43%
Victor Phelps
43%
Alan Campos
29%
Bardanca
29%
Barthem
29%
Batista
29%
Bráulio
29%
Coutinho
29%
Cupim
29%
Daniel Love
29%
Feijão
29%
Gabrielli
29%
Kudsi
29%
Mendes
29%
Mineiro
29%
Murilo
29%
Pissurno
29%
Ricardinho
29%
Tupi
29%
Caio
14%
Dudu
14%
Graja
14%
Rafael Lopes
14%
Rodrigo Mourão
14%
Saroldi
14%
The Wall
14%
Totti
14%
Werlei
14%
Bel
0%
Chico
0%
Gabriel Moraes
0%

Distribuição das Pontuações

Percentil de Números Respondidos

Porcentagem de Pessoas com Cada Pontuação

Sua Pontuação Histórica

Você não jogou esse quiz